01067nas a2200277Ia 4500001002800000003001000028008004100038040002500079041001300104100002100117210002200138222002200160245010000182250001100282260000900293501012300302300001400425362003400439500003500473650002300508700001100531942000700542957000600549999003300555952020100588A07/R086-19445 [r000018592]IT-MiCISF161014c99999999xx |||||||||||| ||und|| aIT-MiCISFcIT-MiCISF aITALIANO aBompiani Adriano aMedicina e morale aMedicina e morale 0aUna valutazione della convenzione sui diritti dell'uomo e la biomedicina del Consiglio d'Europa a1a ed. c1997 bCISF - Centro Internazionale Studi Famiglia - Via Giotto, 36 20145 MILANO (non commercial uses only)cCopyright 2016 app. 37-55 an. 1, gennaio-febbraio [1997] a Tema: bioetica, diritti-umani aBIOETICAvarticolo aAA.VV. cCR 71 a19445bSig1c225777d225777 0010406A_07_000000000000000_R08619445_R00001859271aCISFbCISFd2016-10-14l0oA07/R086-19445 [r000018592]r2016-10-14 00:00:00w2016-10-14yCRzData import 15.10.2016 / by Epidotti, Vaglietti